[Event "ROM-ch"]
[Site "Iasi"]
[Date "1999.12.26"]
[Round "14"]
[White "Marin, Mihail"]
[Black "Mateuta, Gabriel"]
[Result "1-0"]
[WhiteElo "2532"]
[BlackElo "2398"]
[Annotator "Marin,M"]
[PlyCount "79"]
[EventDate "1999.12.13"]
[EventType "tourn"]
[EventRounds "15"]
[EventCountry "ROU"]
[EventCategory "9"]
[SourceTitle "CBM 075"]
[Source "ChessBase"]
[SourceDate "2000.04.05"]
[SourceVersion "1"]
[SourceVersionDate "2000.04.05"]
[SourceQuality "1"]

1. c4 d6 2. Nc3 e5 3. g3 Nc6 4. Bg2 g6 5. d3 Bg7 6. Rb1 a5 7. e3 h5 $5 8. h4
Bg4 9. Nge2 Qd7 10. a3 Nge7 11. b4 axb4 12. axb4 O-O 13. b5 Na5 (13... Nd8 14.
Qb3 c6 15. Ba3 $14 Ne6 $140 16. f3 Bf5 17. e4 Nd4 $8 18. Nxd4 exd4 19. Na4 Qe8
$8 20. bxc6 bxc6 21. O-O Be6 22. Bxd6 $16) 14. Bd2 c6 15. O-O (15. Na4 $2 Nxc4
$1 16. dxc4 Bxe2 17. Kxe2 Qg4+ $17) 15... d5 (15... Bh3 16. Bxh3 Qxh3 17. Ne4
$14) 16. cxd5 Nxd5 17. Nxd5 (17. bxc6 Nxc3 18. Nxc3 Qxd3) 17... cxd5 18. Qe1 {
פa5} b6 19. Nc3 Be6 20. Na4 Nc4 (20... Rfb8 21. Bxa5 bxa5 22. Nc5 Qd8 23. e4
$16) (20... Qb7 $5 {Mateuta} 21. Bxa5 $140 Rxa5 22. Nc5 Qe7 23. Nxe6 Qxe6) 21.
Bb4 Rxa4 (21... Rfd8 22. Qd1 Qxb5 23. Be7) (21... Rfe8 22. dxc4 Rxa4 23. cxd5
Bxd5 24. Qd1 $1) 22. Bxf8 Bxf8 23. Qd1 (23. dxc4 Rxc4 $44) 23... Nxe3 (23...
Ra7 24. dxc4 dxc4 25. Bc6 $14) 24. Qxa4 Nxg2 25. Kxg2 Bh3+ 26. Kh2 Bxf1 (26...
Bc5) (26... Qf5) 27. Rxf1 Qf5 $6 (27... Bc5 28. Qa8+ Kg7 29. Qc6) (27... Kg7)
28. Qb3 Qf3 $6 (28... Qe6 29. Kg2 Bc5 30. Ra1 Qd7 31. Qd1 Kg7 32. Qf3 Bd4 $44 {
Mateuta}) 29. Qd1 Qf5 30. Kg2 Bc5 31. Qf3 Qe6 (31... Qd7 32. Qf6 Qxb5 33. Qd8+
(33. Qxe5 Qxd3) (33. Ra1 Qe8) 33... Bf8 34. Rc1 Qxd3 35. Rc8 Qe4+ 36. Kh2 Qb4
37. Qxd5 $16) 32. Ra1 Kg7 33. Ra7 $16 Bd4 34. Rc7 e4 (34... Bc5 35. Rc6 Qd7 36.
Qf6+ $18) 35. Qe2 (35. dxe4 dxe4 36. Qf4 Be5 37. Rxf7+ Kg8 38. Rf8+ Kg7 $11)
35... Qf5 (35... e3 36. fxe3 Bxe3 37. Rc6 Qe5 38. Rxb6) (35... Qe5 36. Rc6 Qf5
37. dxe4 dxe4 38. Rc2 $16) 36. dxe4 dxe4 37. Re7 $18 e3 (37... Be5 38. Re8 Kh7
39. Qe3) 38. fxe3 Bc5 39. Qb2+ Kf8 40. Qe5 $138 (40. Qe5 Qxe5 (40... Bxe7 41.
Qh8#) 41. Rxe5 $18) 1-0

[Event "ROM-ch"]
[Site "Iasi"]
[Date "1999.12.16"]
[Round "4"]
[White "Marin, Mihail"]
[Black "Nanu, Ciprian Costica"]
[Result "1-0"]
[WhiteElo "2532"]
[BlackElo "2397"]
[Annotator "Marin,M"]
[PlyCount "59"]
[EventDate "1999.12.13"]
[EventType "tourn"]
[EventRounds "15"]
[EventCountry "ROU"]
[EventCategory "9"]
[SourceTitle "CBM 075"]
[Source "ChessBase"]
[SourceDate "2000.04.05"]
[SourceVersion "1"]
[SourceVersionDate "2000.04.05"]
[SourceQuality "1"]

1. c4 e5 2. g3 Nc6 3. Nc3 d6 4. Bg2 f5 5. d3 Nf6 6. Rb1 a5 7. e3 g6 8. Nge2 Bg7
9. O-O Be6 10. b3 d5 11. d4 e4 12. Nf4 Bf7 13. f3 (13. Ncxd5 Nxd5 14. Nxd5 Bxd5
15. cxd5 Qxd5 16. f3) 13... Ne7 (13... dxc4 14. fxe4 cxb3 15. Rxb3) 14. cxd5 (
14. Ba3 c6 {><d5}) (14. fxe4 dxe4 {ץg2}) 14... Nexd5 15. Nfxd5 Nxd5 16. Nxd5
Bxd5 17. fxe4 fxe4 $1 (17... Bxe4 18. Bxe4 fxe4 19. Qg4 $18) 18. Bh3 (18. Ba3
$5 Bh6 19. Qd2 Qd7 20. Rbc1 b6 21. Rc3 O-O-O 22. Rfc1 c6 23. Qe2) (18. Qg4 Qd7
19. Qxd7+ Kxd7 20. Bh3+ Kc6 21. Ba3 b6) 18... Qe7 19. Qg4 b5 (19... Rf8 $2 20.
Ba3) 20. Bd2 Rf8 21. Rbc1 Rxf1+ $6 (21... c6) 22. Bxf1 c6 23. Rc5 Qb7 24. a4 $1
{><b5} (24. Qg5 Bf8) 24... bxa4 (24... Bf8 25. Rxd5 cxd5 26. Qe6+ Be7 (26...
Kd8 27. Bxb5 Kc7 28. Qf7+ Kb6 29. Bxa5+ Rxa5 30. Qxf8 Qc7 31. b4 Ra7 32. Qc5+
Qxc5 33. dxc5+ Kc7 34. Kf2 $16) 27. Bxb5+ $40 (27. Qg8+ Kd7 28. Bxb5+ Qxb5 29.
Qxa8 Qxb3 30. Qxa5 Ke6)) 25. bxa4 Qb3 $6 (25... Bf8 $142 26. Rxa5 Rxa5 27. Bxa5
Qb3) 26. Qf4 (26. Rxa5 Rxa5 27. Qc8+ Kf7 28. Qc7+ Ke8 29. Qxa5 $16) 26... Qxa4
{[#]} (26... Bf8 27. Qe5+ Kf7 28. Rxa5 Rxa5 29. Qc7+ $16) 27. Qc7 $1 $18 Bxd4 (
27... Qd1 28. Rxd5 cxd5 29. Qxg7 Qxd2 30. Bb5+ Kd8 31. Qd7#) (27... Kf8 28.
Rxd5 (28. Qb7 Re8 29. Rxa5 Qb3 $8 30. Bb4+ $18) 28... cxd5 29. Qc5+ $18) 28.
Rxd5 cxd5 29. Qb7 $1 Qa2 (29... Qd1 30. Qxa8+ Ke7 31. Qxa5 $18) (29... Ra7 30.
Bb5+ Kd8 31. Qb8+ $18) 30. Qxa8+ (30. Qxa8+ Ke7 (30... Kf7 31. exd4 Qxd2 32.
Qxd5+) 31. Bb4+ $1 $18) 1-0

[Event "Metz op 30th"]
[Site "Metz"]
[Date "2012.04.23"]
[Round "3"]
[White "Colovic, Aleksandar"]
[Black "Korneev, Oleg"]
[Result "1/2-1/2"]
[WhiteElo "2436"]
[BlackElo "2597"]
[Annotator "Metz Alekhine/Primel,D"]
[PlyCount "31"]
[EventDate "2012.04.14"]
[EventType "swiss"]
[EventRounds "9"]
[EventCountry "FRA"]
[SourceTitle "EXT 2013"]
[Source "ChessBase"]
[SourceDate "2012.11.22"]
[SourceVersion "1"]
[SourceVersionDate "2012.11.22"]
[SourceQuality "1"]

1. c4 e5 2. g3 Nf6 3. Bg2 Nc6 4. Nc3 Bc5 5. e3 a6 6. Nge2 d6 7. O-O O-O 8. d4
Ba7 9. h3 (9. d5) 9... h6 (9... Re8 10. d5 Ne7 11. e4 c6 12. Kh2 b5 13. cxb5
axb5 14. dxc6 b4 15. Nd5 Nxc6 16. Bg5 Ng4+ 17. hxg4 Qxg5 18. Qc1 Qxc1 19. Raxc1
Bxg4 20. f3 Bd7 21. Bh3 Bxh3 22. Kxh3 Nd4 23. Nxd4 Bxd4 24. Nc7 Kf8 25. Nxa8
Rxa8 26. f4 Bxb2 27. Rc2 Bc3 28. f5 Ke7 29. Kg4 d5 30. exd5 Kd6 31. Rh2 Ra4 32.
Kf3 Kxd5 33. Rd1+ Bd4 34. Rxh7 Ra3+ 35. Kg4 Rxa2 36. Rxg7 Ra7 37. Rg8 Rb7 38.
Rd8+ Ke4 39. Re1+ {Mista,A (2562)-Navara,D (2710) Czechia 2012 1/2-1/2}) 10.
Kh2 $146 (10. b3 Bf5 11. Bb2 Re8 12. Qd2 exd4 13. Nxd4 Nxd4 14. exd4 c6 15.
Rfe1 Qd7 16. Kh2 b5 17. d5 c5 18. Rxe8+ Rxe8 19. Re1 Rb8 20. Nd1 Nh7 21. f4
bxc4 22. bxc4 Qa4 23. Re7 Bb6 24. Ne3 Bd7 25. Qc3 Nf6 26. Qb3 Ne8 27. Qc3 f6
28. Be4 Ba5 29. Qa3 Kf8 30. Re6 Qxa3 31. Bxa3 Bxe6 32. dxe6 Nc7 33. f5 Bc3 34.
Bc1 Bb2 35. Bd2 Bd4 36. Nd1 Ke7 37. Ba5 Na8 38. Bd3 Nb6 39. Kg2 Na4 {Pribyl,J 
(2372)-Movsesian,S (2716) Pardubice 2009 0-1}) 10... exd4 11. exd4 Re8 12. b3
Ne7 13. d5 (13. Bb2 d5) 13... Bd7 14. Bb2 Bf5 15. Nd4 Bd7 16. Qd2 {suite
illisible et nulle au 27ème coup} 1/2-1/2

[Event "Oberliga Nord W 0304"]
[Site "Germany"]
[Date "2004.03.07"]
[Round "7.1"]
[White "Levin, Felix"]
[Black "Blatny, Pavel"]
[Result "0-1"]
[WhiteElo "2520"]
[BlackElo "2503"]
[Annotator "Meyer,CD"]
[PlyCount "58"]
[EventDate "2003.10.12"]
[EventType "team-tourn"]
[EventRounds "9"]
[EventCountry "GER"]
[SourceTitle "CBM 100"]
[Source "ChessBase"]
[SourceDate "2004.06.01"]
[SourceVersion "1"]
[SourceVersionDate "2004.06.01"]
[SourceQuality "1"]
[WhiteTeam "Werder Bremen II"]
[BlackTeam "Bremer SG II"]
[WhiteTeamCountry "GER"]
[BlackTeamCountry "GER"]

{GM-DUELL IN DER OBERLIGA (Eine Englisch-Spezialität)} 1. g3 e5 2. c4 d6 3. Bg2
Nc6 4. Nc3 Be6 5. d3 {[#]} Qc8 ({Natürlicher und besser erscheint} 5... Qd7
$142 {. Angeblich stammt dieser immer noch ziemlich unerforschte, interessante
Aufbau von Dr. Paul Tröger (1913-92). Hierzu ein paar Beispiele, u.a. zwei
neuere mit GM Nigel Short:} {"} 6. b4 $1 (6. e4 g6 7. Be3 (7. h3 Bg7 8. Nge2 f5
9. Nd5 fxe4 10. dxe4 Nce7 11. b3 c6 12. Ndc3 Nf6 13. Ba3 Rd8 14. Qd2 O-O 15.
Rd1 Nc8 16. g4 a6 17. O-O h5 18. g5 Nh7 19. Qe3 b5 20. cxb5 axb5 21. h4 Rf7 22.
f4 exf4 23. Nxf4 Bg4 24. Rd2 Nf8 25. Nce2 Re8 $13 {E. Ghaem Maghami - N. Short,
Teheran 2003, 0:1/57}) (7. h4 Bg7 8. Nge2 Nf6 9. Nd5 O-O 10. Nxf6+ Bxf6 11. h5
Bg7 12. Be3 Ne7 13. Qd2 c6 14. Bh6 Bxh6 15. Qxh6 f5 16. hxg6 Nxg6 $13 {ECO, A2}
) 7... Bg7 8. Nge2 f5 9. b3 Nf6 10. O-O O-O 11. f3 f4 12. gxf4 Nh5 13. Nd5 Nd4
14. f5 Nxe2+ 15. Qxe2 gxf5 16. Bg5 f4 17. Qe1 Qf7 18. Kh1 c6 19. Nc3 Kh8 20.
Ne2 Rg8 21. Rg1 Bf6 22. Bxf6+ Qxf6 $40 {-/+, M. Taylor - N. Short, West
Bromwich 2003, 0:1/32}) (6. Nd5 Nd8 (6... Nge7 7. Qa4 Rb8 8. Bd2 b5 $6 9. Nxc7+
$1 Qxc7 10. cxb5 $16 {NCO}) (6... f5 7. Nf3 Nf6 8. Ng5 Bg8 9. O-O $14 {NCO}) 7.
Nf3 c6 8. Ne3 Bh3 (8... Be7 9. d4 $14 {NCO}) 9. Bxh3 Qxh3 10. d4 {(+/=, but
minimally, J.L. Watson)} Qe6 11. Qc2 Nf6 12. O-O Be7 13. Nf5 O-O 14. Ng5 $14 {
Portisch-Buljovic, Vrsac 1971, ECO/A2}) 6... g6 7. b5 Nd8 8. a4 Bg7 9. Ba3 $1 {
looks best" gem. J.L. Watson, "English 1...P-K4", 1979} (9. Ba3 Ne7 10. Rc1 O-O
11. e3 Rc8 12. Ne4 $5 h6 13. c5 d5 14. c6 bxc6 15. Nc5 Qe8 16. bxc6 Ndxc6 17.
Ne2 $13 {V. Buturin - K. Wilk, Krakau 1998, 1:0/40})) 6. e4 {Durch diesen
Übergang zu einem Botwinnik-Aufbau (Pc4/d3/e4 plus Nge2) erhält Weiß zwar
festen Halt im Zentrum, aber so verriegelt er auch wieder die Diagonale des
Bg2 und büßt etwas an Elastizität ein.} (6. Nd5 $5 Nd8 7. Nf3 (7. e4 c6 8. Ne3
g6 9. f4 exf4 10. gxf4 $14 {N. Murshed - N. Milenkovic, Bela Crkva 1983, 1:0/49
}) (7. d4 $5) 7... c6 8. Ne3 Bh3 9. Bxh3 Qxh3 10. d4 {wäre Zugumstellung zur
vorigen Variante B}) ({Auf} 6. b4 {ist hier allerdings} Nxb4 {in Betracht zu
ziehen:} 7. Rb1 c5 $1) 6... g6 7. Nge2 Bg7 8. Nd5 Nce7 9. O-O c6 10. Ndc3 Bh3
11. d4 $5 h5 12. f3 {[#]} Nh6 ({Oder: I} 12... Bxg2 13. Kxg2 exd4 14. Nxd4 h4 (
14... Nf6 15. Bf4) 15. g4 $14) ({II} 12... h4 $2 {tappt in die Falle} 13. Bxh3
Qxh3 14. g4 {(drohend Kh1 nebst Ng1)} exd4 {/0-0-0} 15. Nf4) 13. dxe5 $1 dxe5
14. Be3 (14. Bxh3 $5 Qxh3 15. Qb3 (15. Qd6) (15. Be3 $2 h4 $1 16. g4 $4 Nxg4))
14... Be6 $1 (14... h4 15. g4 Bxg2 16. Kxg2 f5 17. h3 Nf7 18. Qb3 $14) 15. c5
$2 ({Schwächt nur die weißen Felder. Besser war z.B.} 15. b3) 15... f6 16. b4
Nf7 17. b5 h4 $1 18. bxc6 ({Die Bauernvorstöße am Damenflügel erweisen sich
als wenig effektiv, während der Gegner nun auf der anderen Seite die
Initiative ergreift. Die Reaktion} 18. g4 {wäre jetzt wegen 18...} h3 19. Bh1
O-O {Plan f5 nicht mehr befriedigend.} ({oder auch} 19... f5)) (18. Rf2 $5)
18... bxc6 19. Rf2 $6 (19. Qa4 $5) 19... Qa6 $1 20. Bf1 (20. Qa4 Qxa4 (20...
Qd3 21. Nd1) (20... Qc8 21. Rd1) 21. Nxa4 hxg3 22. hxg3 f5 23. Nac3 O-O-O $5)
20... Rd8 21. Qc2 Bc4 (21... hxg3 22. hxg3 Qa5 $15) 22. Rd1 f5 $6 {[#]} ({
Immer noch mit seinem König in der Mitte ackert der stets um Originalität
bemühte Pavel Blatny brettumspannend und versucht nun, den hohen
Bedenkzeitverbrauch seines Gegners irgendwie auszunutzen. Allerdings wäre hier
} 22... Rxd1 23. Qxd1 f5 $15 {genauer gewesen.}) 23. Rxd8+ Kxd8 $6 (23... Nxd8)
24. Nc1 Bxf1 (24... hxg3 25. hxg3 Bxf1 26. Qd1+ (26. Rxf1 $4 Rh1+ 27. Kxh1
Qxf1+ 28. Kh2 Qxf3) 26... Ke8 27. Qxf1 Qxf1+ 28. Rxf1 f4 29. Bf2 $13) 25. Rxf1
hxg3 26. Rd1+ Ke8 27. hxg3 Qc8 $5 {[#] Dieser Damenrückzug mit Röntgenblick
nach h3 ist in Anbetracht der gegnerischen Zeitknappheit sehr tückisch. Wer
hätte gedacht, daß sich das etwas bizarre Qd8-c8 mit Kurzausflug nach a6 und
wieder retours derart bewähren würde ...} 28. Rd2 $4 $138 {Ein Blackout, dabei
sollte der Kampf erst richtig losgehen:} ({I} 28. Qb3 $5 $13 f4 $5 (28... Nd8
29. Nd3 Ne6 (29... f4 $5 30. gxf4 Qh3 31. Kf2) 30. Ne2 $13) (28... g5 $6 29.
exf5 Nxf5 30. Ne4 $14) 29. gxf4 Qh3 30. Kf2 (30. Qb8+ $4 Nc8 31. Kf2 exf4)
30... exf4 31. Bxf4 Ne5 32. N3e2 Rf8 33. Rg1 Rxf4 34. Nxf4 Qh2+ 35. Ng2 Nxf3 $5
(35... Ng4+ $2 36. Kf1 Nf2 (36... Bd4 37. Ne2) 37. Qe3 Nh3 38. Ne2 Nxg1 39.
Nxg1) 36. Rd1 (36. Kxf3 Qxg1 37. Qb8+ Kf7 38. Qb3+ $11) 36... Ng5 $13) ({II} 
28. Qg2 $6 f4 $5 29. Bd2 (29. gxf4 exf4 30. Bd4 Bxd4+ 31. Rxd4 Rh5 $1) 29...
Qe6 30. Nb3 Ng5) 28... f4 $1 $19 {Unter Tempogewinn bricht die schwarze Dame
verheerend in feindliche Lager ein.} 29. gxf4 Qh3 {[#] Weiß gab auf.} ({Nach} 
29... Qh3 {könnte folgen:} 30. Kf2 (30. Qd1 Qh1+ 31. Kf2 Rh2+ 32. Kg3 exf4+ 33.
Bxf4 (33. Kxf4 Be5+ 34. Kg4 Rh4#) 33... Bxc3) 30... Qh1 $1 31. Ke2 (31. Qd1
Rh2+) 31... Rh3 32. Kd3 Qxf3) 0-1

[Event "Grand Slam Final 4th"]
[Site "Sao Paulo/Bilbao"]
[Date "2011.09.27"]
[Round "2"]
[White "Ivanchuk, Vassily"]
[Black "Vallejo Pons, Francisco"]
[Result "1-0"]
[WhiteElo "2765"]
[BlackElo "2716"]
[Annotator "Moradiabadi,E"]
[PlyCount "73"]
[EventDate "2011.09.26"]
[EventType "tourn"]
[EventRounds "10"]
[EventCountry "BRA"]
[EventCategory "22"]
[SourceTitle "CBM 145"]
[Source "ChessBase"]
[SourceDate "2011.11.11"]
[SourceVersion "1"]
[SourceVersionDate "2011.11.11"]
[SourceQuality "1"]

1. c4 e5 2. g3 {The English Opening is becoming a frequent visitor at top
level encounters. No wonder, Staunton, one of the chess pioneers of the 19th
century, was the one who promoted this line!} Nc6 3. Nc3 Bc5 4. e3 d6 5. Bg2 a6
6. d3 Ba7 7. Rb1 $146 {This is the novelty, However, I do not see any
importance in it. The move order does not matter that much in this position.
Ivanchuk simply puts his rook on the b-file in order to prepare the advance of
the b-pawn.} Bf5 8. b4 Qc8 9. h3 $1 {A typical move which prevents the
exchange of light squared bishops.} Nge7 10. Nge2 O-O 11. Qd2 h6 12. a3 Nd8 13.
Bb2 f6 14. Rc1 {Both players are regrouping their pieces more or less in the
best way they can. I believe that White has a clear edge thanks to the space
advantage he has. On the other hand, Black has no clear weakness.} c6 15. d4
Nf7 16. e4 $6 {The right idea at the wrong time! This move is a bit premature
because it gives the black bishop on a7 some extra power, by weakening the
a7-g1 diagonal.} (16. h4 Qd7 17. O-O Bh3 {was a safe alternative, which
Ivanchuk was not looking for!}) 16... Bd7 17. Nd1 f5 $6 (17... Ng5 $2 18. h4
Bh3 19. Rxh3 $1 Nxh3 20. Ne3 Qd7 21. Rd1 {and White is better thanks to the
hanging knight on h3.}) (17... exd4 18. Nxd4 c5 (18... f5 $2 19. Qc3 $18) 19.
Ne2 Ne5 {and Black is very much in the game.} 20. Bxe5 (20. f4 Bxh3) 20... dxe5
21. Nec3 Nc6) 18. dxe5 dxe5 19. c5 $1 {From now on Ivanchuk restrains the
bishop on a7 and the knight on f7. A very strong positional performance by the
new world championship Candidate!} Bb8 20. Ne3 fxe4 21. h4 $1 {Outplays the
knight on f7 forever!} Nd5 $2 {By trading his only potentially active piece,
Vallejo makes his own day gloomy.} (21... Rd8 22. Qc2 a5 23. O-O axb4 24. axb4
Be6 25. Bxe4 Nd5 {could keep Vallejo in the game.}) 22. Nc3 Nxe3 23. Qxe3 a5
24. O-O axb4 25. axb4 Bh3 $6 {And now the bishop!} 26. Bxh3 Qxh3 27. Nxe4 {
Just by comparing the minor pieces one can see the superiority of White's
position.} Bc7 28. Qb3 Bd8 29. Rc3 (29. f4 {was the active alternative,
however, the essence of position remains intact. White is winning.}) 29... Qg4
30. f3 Qg6 31. Kh2 Kh7 32. Rd1 b6 33. Qc2 bxc5 34. Rxc5 Kh8 35. Rxc6 Qh5 36.
Kg2 Bxh4 37. g4 {Ivanchuk traps the queen on h5, a nice positional achievement
by Ivanchuk.} 1-0

[Event "FIDE World Cup"]
[Site "Khanty-Mansiysk"]
[Date "2005.12.08"]
[Round "4.3"]
[White "Gurevich, Mikhail"]
[Black "Malakhov, Vladimir"]
[Result "1-0"]
[WhiteElo "2652"]
[BlackElo "2670"]
[Annotator "Mueller,Karsten"]
[PlyCount "155"]
[EventDate "2005.11.27"]
[EventType "k.o."]
[EventRounds "7"]
[EventCountry "RUS"]
[SourceTitle "CBM 111"]
[Source "ChessBase"]
[SourceDate "2006.04.04"]
[SourceVersion "1"]
[SourceVersionDate "2006.04.04"]
[SourceQuality "1"]

1. c4 e5 2. g3 Nf6 3. Bg2 h6 4. d3 Bc5 5. Nc3 a6 6. e3 Nc6 7. Nge2 d6 8. b3 O-O
9. O-O Bf5 10. h3 Re8 11. Bb2 Bh7 12. Qd2 Qd7 13. a3 Rab8 14. b4 Ba7 15. Rac1
e4 16. Nxe4 Nxe4 17. dxe4 Bxe4 18. c5 Bxg2 19. Kxg2 Qe6 20. cxd6 cxd6 21. Rfd1
Qe4+ 22. Kg1 Qf3 23. Bd4 Bxd4 24. Nxd4 Nxd4 25. Qxd4 Re6 26. Qd5 Qxd5 27. Rxd5
Kf8 28. Kf1 Ke8 29. Rd3 Rd8 30. Ke2 Rd7 31. g4 Ke7 32. Rdc3 d5 33. Rc7 Kd6 34.
Rxd7+ Kxd7 35. Rc5 Kd6 36. Rc8 h5 37. gxh5 Rh6 38. Rg8 Rxh5 39. Rxg7 Ke6 40.
Rg8 Rxh3 41. Rb8 b5 42. Ra8 d4 43. Rxa6+ Kd5 44. Rf6 dxe3 45. fxe3 Rh2+ 46. Kd3
Ra2 47. e4+ Ke5 48. Rf5+ Kd6 49. Rxb5 Rxa3+ 50. Kd4 Rb3 51. Rd5+ Kc6 52. Kc4
Re3 53. b5+ Kb6 54. Rd6+ Kc7 55. Rc6+ Kb7 56. Kd5 Rb3 57. Rf6 Rxb5+ 58. Kd6 Kc8
59. Rxf7 Rb6+ 60. Ke7 Rb7+ 61. Ke8 Rb6 62. Ke7 Rb7+ 63. Kf8 Rb5 64. Rf5 Rb4 65.
e5 Kd7 66. Rf6 Re4 67. Rd6+ Kc7 68. Re6 Rh4 69. Rg6 $2 {[%mdl 4096]} (69. Kf7
Rh7+ 70. Kg6 Rh1 71. Rd6 Re1 72. Kf6 Rf1+ 73. Ke7 Rh1 74. Rf6 Rh7+ 75. Rf7 Rh1
76. e6 Rh8 77. Rf8 Rh7+ 78. Kf6 Rh6+ 79. Kf7 Rh7+ 80. Kg6 Re7 81. Kf6 $18) {
[%tqu "De","Wie hätte Schwarz sich hier behaupten können?","","","h4e4","",0,
"c7d8","",4]} 69... Re4 $2 (69... Kd8 $1 70. Rd6+ Kc7 71. Rf6 (71. Rd1 Re4 $11)
(71. Rd5 Kc6 72. Rd6+ Kc7 $11) 71... Kd8 $1 72. e6 Rh8+ 73. Kg7 Ke7 $11) 70. e6
Rf4+ 71. Ke7 Rh4 72. Rg1 Rh7+ 73. Kf6 Rh6+ 74. Kf7 Rh7+ 75. Rg7 Rh8 76. Rg1
Rh7+ 77. Kg6 Rh2 78. Rd1 (78. Rd1 Rg2+ 79. Kf7 Rf2+ 80. Ke8 Re2 81. e7 {
Weiß hat die Lucenastellung erreicht und gewinnt nun durch den bekannten
Brückenbau:} Rf2 82. Rc1+ Kb7 83. Rc4 Rf1 84. Kd7 Rd1+ 85. Ke6 Re1+ 86. Kd6
Rd1+ 87. Ke5 Re1+ 88. Re4 $18) 1-0

[Event "Bundesliga 9899"]
[Site "Germany"]
[Date "1998.12.12"]
[Round "5.6"]
[White "Wilhelmi, Christian"]
[Black "Maier, Christian"]
[Result "0-1"]
[WhiteElo "2470"]
[BlackElo "2345"]
[Annotator "Mueller,Karsten"]
[PlyCount "112"]
[EventDate "1998.10.17"]
[EventType "team-tourn"]
[EventRounds "15"]
[EventCountry "GER"]
[SourceTitle "GER-chT"]
[Source "ChessBase"]
[SourceDate "1999.07.01"]
[SourceVersion "1"]
[SourceVersionDate "1999.07.01"]
[SourceQuality "1"]
[WhiteTeam "Hamburger SK"]
[BlackTeam "Zaehringen"]
[WhiteTeamCountry "GER"]
[BlackTeamCountry "GER"]

1. c4 e5 2. Nc3 Bb4 3. g3 Bxc3 4. bxc3 Nc6 5. Bg2 Nf6 6. e4 O-O 7. Ne2 Re8 8.
O-O a6 9. a4 d6 10. d3 Rb8 11. h3 Nd7 12. f4 Nc5 13. Be3 Qe7 14. f5 Bd7 15. g4
f6 16. Ng3 b5 17. axb5 axb5 18. d4 Nb7 19. cxb5 Nca5 20. Qe2 d5 21. Bf2 Nc4 22.
exd5 Nbd6 23. dxe5 Nxe5 24. Rfe1 Bxb5 25. Qd1 Bc4 26. Rb1 Qf7 27. Qd4 Rbd8 28.
Rb4 Ba6 29. Ra1 Bc4 30. Nh5 Nb5 31. Qc5 Nd6 32. Nf4 Nd3 33. Nxd3 Bxd3 34. Re1
h5 35. Re6 Ra8 36. Rd4 Ra1+ 37. Kh2 Bf1 38. Bf3 Rea8 39. Kg3 R1a2 {[#]Zur
Einführung in die Lage: Es sieht im Kampf HSK-Zähringen nicht gut für die
Hamburger aus, Christian Wilhelmi sollte seinen Mehrbauern zum Sieg verwerten,
sonst dürfte der Kampf verloren gehen.} 40. Be3 $2 {Ein typischer 40.Zug, der
zwar die Zeitnot beendet, aber den Figurenknoten e3 besetzt und die Harmonie
im weißen Lager zerstört. Nicht zuletzt fühlt sich der König nun sehr
unbehaglich...} (40. Rd1 $1 $16) 40... h4+ $1 {[%mdl 128] der Angriff gegen
den König ist nachhaltiger als der gegen die Dame:} (40... R2a5 41. Qc6 Bb5 42.
Rxd6 (42. Qc5 $2 Be8 43. Rxe8+ Qxe8 44. Qxc7 Qxe3 $19) 42... Bxc6 43. Rxc6 $15)
41. Kxh4 g5+ $2 (41... Rh2 $1 42. Kg3 Raa2 43. Rd2 $1 {[%mdl 256] Weiß muß
unbedingt die Anzahl der angreifenden Figuren reduzieren:} (43. h4 $2 Nxf5+ {
(D.Lindner)} 44. gxf5 Rag2+ 45. Bxg2 Rxg2+ 46. Kf4 (46. Kh3 Qh5 47. Re8+ Kh7
$19) 46... Qh5 47. Ke4 Qg4+ 48. Bf4 Qe2+ 49. Be3 Rg4#) (43. Rxd6 $2 Rxh3+ 44.
Kf4 Qe7 45. Rd8+ (45. Re4 Rxf3+ 46. Kxf3 Bg2+ 47. Kg3 Qxe4 $19) 45... Qxd8 46.
d6 Rxf3+ 47. Kxf3 Qa8+ 48. Kf4 Bg2 49. Qc4+ Kh7 50. Re4 cxd6 $19) 43... Raxd2
44. Bxd2 Rxd2 45. Qe3 Rc2 (45... Rd3 $6 46. Qe1 Bxh3 47. Qe2 Bxg4 48. Rxd6
Rxf3+ 49. Kxg4 cxd6 50. Qxf3 $11) 46. Qe1 Bc4 47. Re7 Rc1 48. Qe6 (48. Rxf7
Rxe1 49. Rxc7 Re3 $15 {/-/+}) 48... Qxe6 49. dxe6 Rxc3 50. Rxc7 Ne4+ $15 {/-/+}
) 42. fxg6 (42. Kg3 $2 Qh7 43. Rd2 Qh4+ 44. Kh2 Qxh3+ 45. Kg1 Qg3+ 46. Kxf1
Qxf3+ 47. Bf2 Rxd2 $19) 42... Qxg6 $2 (42... Qg7 $1 43. Rd2 (43. Kg3 R2a5 44.
Qc6 (44. Rf4 $5) 44... R5a6 45. Qc5 Ra5 $11) 43... Qh8+ 44. Kg3 Qxh3+ 45. Kf2
Bd3 46. Qd4 Qh2+ 47. Bg2 Qh4+ 48. Kf3 Bxg6 {mit Übergang in die Partie.}) 43.
Rd2 $2 (43. Qxc7 $1 Rh2 (43... Nb5 44. Qf4 Nxd4 45. cxd4 Qh7+ 46. Qh6 Rh2 47.
Qxh7+ Kxh7 48. Rxf6 Rxh3+ 49. Kg5 Rg8+ 50. Kf4 Kg7 51. g5 $16) 44. Kg3 Rxh3+
45. Kf2 Nf5 $6 (45... Nb5 46. Qc6 Rxf3+ 47. Kxf3 Nxd4+ 48. Bxd4 Rf8 49. Re7 $16
) 46. Rb4 Ra2+ 47. Kg1 Rg3+ 48. Qxg3 Nxg3 49. Rb8+ Kf7 50. Bc5 $18) (43. Re7 $2
Rh2 44. Kg3 Raa2 $19) 43... Qh7+ 44. Kg3 Qxh3+ 45. Kf2 Bd3 $2 (45... Nc4 $1 46.
Rxa2 (46. Qd4 Qh2+ 47. Ke1 Rxd2 48. Bxd2 Ra1+ 49. Bd1 Qg3+ 50. Kxf1 Rxd1+ $19)
(46. Qc6 Rxd2+ 47. Bxd2 Qh2+ 48. Ke1 Qxd2+ 49. Kxf1 Ra1+ 50. Bd1 Rxd1+ 51. Re1
Rxe1#) (46. Rxf6 Rxd2+ 47. Bxd2 Qh2+ 48. Kxf1 Nxd2+ 49. Ke1 Nxf3+ 50. Rxf3 Ra1#
) 46... Rxa2+ 47. Ke1 Qg3+ 48. Bf2 Ra1+ 49. Bd1 Rxd1+ 50. Kxd1 Qd3+ 51. Ke1 (
51. Kc1 Qxc3+ 52. Kb1 Qb2#) 51... Qb1#) 46. Qd4 (46. Bf4 $2 Rxd2+ 47. Bxd2 Qh2+
$19) 46... Qh2+ 47. Bg2 Qh4+ 48. Kf3 Bg6 49. Rd1 $2 (49. Rxa2 Rxa2 50. Bf2 Qg5
51. Be3 (51. Qxf6 $2 Be4+ 52. Kg3 Nf5+ $19) 51... Qh4 52. Bf2 $11) (49. Qxf6 $2
Be4+ 50. Ke2 Qxf6 51. Rxf6 Bxg2 $17) 49... Nf5 $3 {[%mdl 2]} 50. Qf4 (50. gxf5
$2 Bh5+ 51. Qg4+ Qxg4#) 50... R8a4 51. Rd4 (51. Re8+ Kf7 52. Qxc7+ Kxe8 53.
Qc8+ Kf7 54. Qe6+ Kg7 55. Qd7+ Kh8 56. Qc8+ Kh7 57. Qc7+ Ng7 $19) 51... Nxd4+
52. cxd4 (52. Bxd4 Rf2+ 53. Bxf2 Rxf4+ 54. Kxf4 Qxf2+ $19) 52... R4a3 53. Qg3
Qg5 54. Qxc7 Qxd5+ 55. Kf4 Qxe6 (55... Rf2+ {(Wahls)} 56. Bxf2 Qg5#) 56. Qd8+
Kg7 0-1